Lo Arcangélico y otros poemas

Gorde:
Xehetasun bibliografikoak
Egile nagusia: Bataille, Georges
Formatua: Liburua
Hizkuntza:Undetermined
Argitaratua: Madrid, España Visor Libros 1999
Edizioa:2
Gaiak:
Etiketak: Etiketa erantsi
Etiketarik gabe, Izan zaitez lehena erregistro honi etiketa jartzen!

MARC

LEADER 00000nam a2200000Ia 4500
008 170316s9999 xx 000 0 und d
040 |a cru BVZT 
090 |a 840 B-2.2a 
100 |a Bataille, Georges 
245 |a Lo Arcangélico y otros poemas 
250 |a 2 
260 |a Madrid, España 
260 |b Visor Libros 
260 |c 1999 
300 |a 79 páginas 
650 |a LITERATURA FRANCESA 
650 |a POEMAS 
999 |c 7502  |d 7502 
942 |c 15 D  |h 840 B-2.2a  |2 z